Hawley's condensed chemical dictionary. (Record no. 329522)
[ view plain ]
| 000 -LEADER | |
|---|---|
| fixed length control field | 01058pam a2200289 a 4500 |
| 001 - CONTROL NUMBER | |
| control field | 4297559 |
| 003 - CONTROL NUMBER IDENTIFIER | |
| control field | NUST |
| 005 - DATE AND TIME OF LATEST TRANSACTION | |
| control field | 20170511140428.0 |
| 008 - FIXED-LENGTH DATA ELEMENTS--GENERAL INFORMATION | |
| fixed length control field | 860819s1987 nyua d 001 0 eng |
| 010 ## - LIBRARY OF CONGRESS CONTROL NUMBER | |
| LC control number | 86023333 |
| 020 ## - INTERNATIONAL STANDARD BOOK NUMBER | |
| International Standard Book Number | 0442280971 |
| 040 ## - CATALOGING SOURCE | |
| Original cataloging agency | DLC |
| Transcribing agency | DLC |
| Modifying agency | DLC |
| 050 00 - LIBRARY OF CONGRESS CALL NUMBER | |
| Classification number | QD5 |
| Item number | .C5 1987 |
| 082 00 - DEWEY DECIMAL CLASSIFICATION NUMBER | |
| Classification number | 540.321 IRV |
| Edition number | 19 |
| 130 0# - MAIN ENTRY--UNIFORM TITLE | |
| Uniform title | Condensed chemical dictionary. |
| 9 (RLIN) | 524 |
| 245 10 - TITLE STATEMENT | |
| Title | Hawley's condensed chemical dictionary. |
| 250 ## - EDITION STATEMENT | |
| Edition statement | 11th ed. / |
| Remainder of edition statement | rev. by N. Irving Sax and Richard J. Lewis. |
| 260 ## - PUBLICATION, DISTRIBUTION, ETC. | |
| Place of publication, distribution, etc. | New York : |
| Name of publisher, distributor, etc. | Van Nostrand Reinhold, |
| Date of publication, distribution, etc. | c1987. |
| 300 ## - PHYSICAL DESCRIPTION | |
| Extent | xv, 1288 p. : |
| Other physical details | ill. ; |
| Dimensions | 24 cm. |
| 500 ## - GENERAL NOTE | |
| General note | Rev. ed. of: The Condensed chemical dictionary. 10th ed. / rev. by Gessner G. Hawley. 1981. |
| 500 ## - GENERAL NOTE | |
| General note | Includes index.<br/>P.B |
| 650 #0 - SUBJECT ADDED ENTRY--TOPICAL TERM | |
| Topical term or geographic name entry element | Chemistry |
| Form subdivision | Dictionaries. |
| 9 (RLIN) | 525 |
| 700 1# - ADDED ENTRY--PERSONAL NAME | |
| Personal name | Hawley, Gessner G. |
| Fuller form of name | (Gessner Goodrich), |
| Dates associated with a name | 1905-1983. |
| 9 (RLIN) | 526 |
| 700 1# - ADDED ENTRY--PERSONAL NAME | |
| Personal name | Sax, N. Irving |
| Fuller form of name | (Newton Irving) |
| 9 (RLIN) | 527 |
| 700 1# - ADDED ENTRY--PERSONAL NAME | |
| Personal name | Lewis, Richard J., |
| Titles and other words associated with a name | Sr., |
| Dates associated with a name | 1939- |
| 9 (RLIN) | 528 |
| 906 ## - LOCAL DATA ELEMENT F, LDF (RLIN) | |
| a | 7 |
| b | cbc |
| c | orignew |
| d | 1 |
| e | ocip |
| f | 19 |
| g | y-gencatlg |
| 942 ## - ADDED ENTRY ELEMENTS (KOHA) | |
| Source of classification or shelving scheme | |
| Koha item type | Book |
| Call number prefix | 540.321 IRV |
| Withdrawn status | Lost status | Source of classification or shelving scheme | Damaged status | Not for loan | Collection code | Permanent Location | Current Location | Shelving location | Date acquired | Total Checkouts | Full call number | Barcode | Date last seen | Price effective from | Koha item type |
|---|---|---|---|---|---|---|---|---|---|---|---|---|---|---|---|
| Institute of Environmental Science and Engineering (IESE) | Institute of Environmental Science and Engineering (IESE) | General Stacks | 05/11/2017 | 540.321 IRV | IESE-564 | 05/11/2017 | 05/11/2017 | Book |
